[Event "Avoine op 34th"]
[Site "Avoine"]
[Date "2019.07.20"]
[Round "2"]
[White "Rubino, William"]
[Black "Chosson, Julien"]
[Result "1-0"]
[WhiteElo "2130"]
[BlackElo "1916"]
[PlyCount "119"]
[EventDate "2019.07.20"]
[EventType "swiss"]
[EventRounds "9"]
[EventCountry "FRA"]
[SourceTitle "EXT 2020"]
[Source "ChessBase"]
[SourceDate "2019.10.17"]
[SourceVersion "1"]
[SourceVersionDate "2019.10.17"]
[SourceQuality "1"]

1. e4 c5 2. Nf3 e6 3. d4 cxd4 4. Nxd4 Nf6 5. Bd3 Nc6 6. Be3 e5 7. Nb3 d5 8. exd5 Nxd5 9. 0-0 Nxe3 10. fxe3 Be6 11. Nc3 Be7 12. Qf3 0-0 13. Bf5 Qc8 14. Bxe6 Qxe6 15. Nd5 e4 16. Qf5 Qxf5 17. Rxf5 g6 18. Nxe7+ Nxe7 19. Re5 Rfe8 20. Rd1 Nf5 21. Rxe8+ Rxe8 22. Kf2 Re7 23. Rd8+ Kg7 24. Nd4 Nxd4 25. exd4 f5 26. d5 Kf6 27. d6 Rf7 28. c4 Ke5 29. c5 Kd5 30. Rc8 a5 31. b3 Rd7 32. a3 f4 33. b4 axb4 34. axb4 g5 35. b5 h5 36. Ke2 g4 37. g3 f3+ 38. Ke3 Rf7 39. Rc7 Rf8 40. d7 f2 41. d8Q+ Rxd8 42. Kxf2 Rf8+ 43. Ke2 Rf3 44. Rxb7 Kxc5 45. Re7 Kd4 46. b6 Rb3 47. Rd7+ Ke5 48. b7 Kf6 49. Kd2 Kg5 50. Kc2 Rb4 51. Kc3 Rb1 52. Kd4 Rb4+ 53. Kc5 Rb2 54. Rd5+ Kf6 55. Rd6+ Ke5 56. Rb6 Rc2+ 57. Kb5 Rb2+ 58. Kc6 Rc2+ 59. Kd7 Rd2+ 60. Ke7 1-0

[Event "Avoine op 33rd"]
[Site "Avoine"]
[Date "2018.07.28"]
[Round "8"]
[White "Nguyen Cadoret, Nathan"]
[Black "Rubino, William"]
[Result "1-0"]
[WhiteElo "1923"]
[BlackElo "2106"]
[PlyCount "59"]
[EventDate "2018.07.21"]
[EventType "swiss"]
[EventRounds "9"]
[EventCountry "FRA"]
[SourceTitle "CBM 185 Extra"]
[Source "ChessBase"]
[SourceDate "2018.07.29"]
[SourceVersion "1"]
[SourceVersionDate "2018.07.29"]
[SourceQuality "1"]

1. d4 d5 2. c4 e6 3. Nf3 c6 4. e3 Nf6 5. Nc3 Nbd7 6. Be2 Bd6 7. 0-0 0-0 8. Qc2 Qe7 9. e4 dxe4 10. Nxe4 Nxe4 11. Qxe4 Nf6 12. Qh4 c5 13. Bd3 Rd8 14. Bg5 cxd4 15. Bxh7+ Kf8 16. Bc2 Ke8 17. Nxd4 Bxh2+ 18. Kxh2 Qd6+ 19. Bf4 Qxd4 20. Rad1 Qb6 21. c5 g5 22. Qh8+ Ke7 23. Bd6+ Rxd6 24. cxd6+ Kd7 25. Ba4+ Qc6 26. Bxc6+ Kxc6 27. Qxf6 Bd7 28. Rc1+ Kd5 29. Rfd1+ Ke4 30. Rd4# 1-0

[Event "Avoine op 33rd"]
[Site "Avoine"]
[Date "2018.07.23"]
[Round "3"]
[White "Rubino, William"]
[Black "Lerch, Patrice"]
[Result "0-1"]
[WhiteElo "2106"]
[BlackElo "2405"]
[PlyCount "94"]
[EventDate "2018.07.21"]
[EventType "swiss"]
[EventRounds "9"]
[EventCountry "FRA"]
[SourceTitle "CBM 185 Extra"]
[Source "ChessBase"]
[SourceDate "2018.07.29"]
[SourceVersion "1"]
[SourceVersionDate "2018.07.29"]
[SourceQuality "1"]

1. e4 c5 2. Nf3 Nc6 3. d4 cxd4 4. Nxd4 d6 5. Nc3 Bd7 6. g3 h5 7. h3 Qc8 8. Be3 Nf6 9. Qd2 a6 10. Bg2 e6 11. a4 Qc7 12. 0-0 Rc8 13. Nxc6 Bxc6 14. Rfd1 Be7 15. Bd4 0-0 16. Bxf6 Bxf6 17. Qxd6 h4 18. Qxc7 Rxc7 19. f4 Bxc3 20. bxc3 hxg3 21. Rd3 e5 22. f5 f6 23. Bf3 Rfc8 24. Ra3 Be8 25. a5 Kf8 26. Kg2 Bb5 27. Re3 Rd8 28. Kxg3 Rd2 29. c4 Rxc4 30. Be2 Rcxc2 31. Bxb5 Rg2+ 32. Kh4 axb5 33. a6 bxa6 34. Rxa6 Rcf2 35. Ra8+ Kf7 36. Ra7+ Kg8 37. Rg3 Rxg3 38. Kxg3 Rf4 39. Rb7 Rxe4 40. Rxb5 Rf4 41. h4 Kh7 42. Rb7 Rxf5 43. Kg4 Kg6 44. Ra7 Rf4+ 45. Kg3 Rb4 46. Rc7 Rb3+ 47. Kg2 Kh6 0-1

[Event "Avoine op 31st"]
[Site "Avoine"]
[Date "2016.07.23"]
[Round "1"]
[White "Dessenne, Francois"]
[Black "Rubino, William"]
[Result "0-1"]
[WhiteElo "1954"]
[BlackElo "2173"]
[PlyCount "84"]
[EventDate "2016.07.23"]
[EventType "swiss"]
[EventRounds "9"]
[EventCountry "FRA"]
[SourceTitle "CBM 173 Extra"]
[Source "ChessBase"]
[SourceDate "2016.08.29"]
[SourceVersion "1"]
[SourceVersionDate "2016.08.29"]
[SourceQuality "1"]

1. Nf3 d5 2. c4 e6 3. d4 c6 4. g3 Nf6 5. Bg2 Bd6 6. 0-0 Nbd7 7. Qc2 0-0 8. Nc3 dxc4 9. e4 e5 10. Rd1 Qe7 11. Be3 b5 12. Nh4 Nb6 13. dxe5 Bxe5 14. h3 Bd6 15. Kh2 Bc5 16. Bd4 Be6 17. f4 Bxd4 18. Rxd4 b4 19. Ne2 Rad8 20. Nf3 c5 21. Rdd1 b3 22. axb3 cxb3 23. Qb1 Rxd1 24. Qxd1 Rd8 25. Rxa7 Qe8 26. Qb1 Bc4 27. Nc3 Bd3 28. Qg1 Nxe4 29. Nxe4 Bxe4 30. Qxc5 Bxf3 31. Bxf3 Rd2+ 32. Bg2 Qe4 33. Qg1 Qc2 34. Rb7 Nd7 35. Qf1 g6 36. Qf3 Nf6 37. g4 Rf2 38. Rb8+ Kg7 39. Qa8 Qc7 40. Rxb3 Qxf4+ 41. Kh1 Rc2 42. Rc3 Rxb2 0-1

[Event "Avoine op 29th"]
[Site "Avoine"]
[Date "2014.07.21"]
[Round "3"]
[White "Rubino, William"]
[Black "Brard, Laurent"]
[Result "1-0"]
[WhiteElo "2116"]
[BlackElo "1882"]
[PlyCount "71"]
[EventDate "2014.07.19"]
[EventType "swiss"]
[EventRounds "9"]
[EventCountry "FRA"]
[SourceTitle "CBM 161 Extra"]
[Source "ChessBase"]
[SourceDate "2014.08.29"]
[SourceVersion "1"]
[SourceVersionDate "2014.08.29"]
[SourceQuality "1"]

1. e4 c5 2. Nf3 d6 3. d4 cxd4 4. Nxd4 Nf6 5. Nc3 g6 6. Be3 Bg7 7. Qd2 Nc6 8. f3 0-0 9. 0-0-0 d5 10. Qe1 e5 11. Nxc6 bxc6 12. exd5 Nxd5 13. Bc4 Be6 14. Ne4 Qc7 15. Bc5 Rfd8 16. h4 h6 17. h5 g5 18. g4 Rab8 19. Rh2 a5 20. Bb3 Ra8 21. Rhd2 a4 22. Bc4 Rab8 23. a3 Bf8 24. Bxf8 Kxf8 25. Nc5 Qd6 26. Nxa4 Ra8 27. Bb3 Rdb8 28. Qe4 Rxb3 29. cxb3 Qc7 30. Nc5 Bc8 31. b4 Nc3 32. bxc3 Rxa3 33. Qh7 Ra1+ 34. Kb2 Rxd1 35. Qxh6+ Ke7 36. Qxg5+ 1-0

[Event "Avoine op 29th"]
[Site "Avoine"]
[Date "2014.07.20"]
[Round "2"]
[White "Bouget, Alexandre"]
[Black "Rubino, William"]
[Result "1-0"]
[WhiteElo "2287"]
[BlackElo "2116"]
[PlyCount "71"]
[EventDate "2014.07.19"]
[EventType "swiss"]
[EventRounds "9"]
[EventCountry "FRA"]
[SourceTitle "CBM 161 Extra"]
[Source "ChessBase"]
[SourceDate "2014.08.29"]
[SourceVersion "1"]
[SourceVersionDate "2014.08.29"]
[SourceQuality "1"]

1. d4 Nf6 2. c4 e6 3. Nc3 d5 4. cxd5 exd5 5. Bg5 c6 6. Qc2 Na6 7. e3 Nb4 8. Qd2 Bf5 9. Rc1 a5 10. a3 Na6 11. f3 Be7 12. g4 Bg6 13. h4 h6 14. Bf4 Bd6 15. Nge2 Nc7 16. Bxd6 Qxd6 17. Nf4 Bh7 18. g5 Nd7 19. Bh3 hxg5 20. hxg5 Bf5 21. Qg2 Bxh3 22. Rxh3 0-0-0 23. Kf2 Ne6 24. Nb5 Qe7 25. Nxd5 Qxg5 26. Qh2 Ne5 27. Nb6+ Kb8 28. Rxh8 cxb5 29. Rxd8+ Ka7 30. Nc8+ Ka8 31. dxe5 Qxd8 32. Nd6 Ka7 33. Rc8 Qd7 34. Qh8 g5 35. Ra8+ Kb6 36. Qb8 1-0

[Event "FRA-ch op-A"]
[Site "Nancy"]
[Date "2013.08.14"]
[Round "3"]
[White "Rubino, William"]
[Black "Kramo, Sosthene"]
[Result "1-0"]
[WhiteElo "2123"]
[BlackElo "1954"]
[PlyCount "47"]
[EventDate "2013.08.11"]
[EventType "swiss"]
[EventRounds "11"]
[EventCountry "FRA"]
[SourceTitle "CBM 156 Extra"]
[Source "ChessBase"]
[SourceDate "2013.10.22"]
[SourceVersion "1"]
[SourceVersionDate "2013.10.22"]
[SourceQuality "1"]

1. e4 e5 2. Nc3 Nf6 3. Bc4 Bb4 4. a3 Ba5 5. f4 d6 6. Nf3 Nc6 7. 0-0 0-0 8. d3 Bb6+ 9. Kh1 Be6 10. Nd5 Nd7 11. f5 Bxd5 12. Bxd5 h6 13. Qe1 Nf6 14. Qg3 Kh8 15. Ba2 Nd4 16. Nxd4 Bxd4 17. Qh3 c6 18. g4 Nh7 19. f6 Nxf6 20. c3 Bb6 21. Bg5 Kg8 22. Bxf6 gxf6 23. Qxh6 d5 24. Rf3 1-0

[Event "Cappelle op 29th"]
[Site "Cappelle la Grande"]
[Date "2013.03.01"]
[Round "8"]
[White "Rubino, William"]
[Black "Fleurquin, Bastien"]
[Result "1-0"]
[WhiteElo "2109"]
[BlackElo "1734"]
[PlyCount "39"]
[EventDate "2013.02.23"]
[EventType "swiss"]
[EventRounds "9"]
[EventCountry "FRA"]
[SourceTitle "CBM 153 Extra"]
[Source "ChessBase"]
[SourceDate "2013.04.22"]
[SourceVersion "1"]
[SourceVersionDate "2013.04.22"]
[SourceQuality "1"]

1. e4 g6 2. d4 Bg7 3. Nc3 d6 4. f4 f5 5. Nf3 fxe4 6. Nxe4 Bg4 7. c3 Nf6 8. Bd3 e5 9. fxe5 dxe5 10. Nxf6+ Bxf6 11. dxe5 Bg7 12. 0-0 0-0 13. Bc4+ Kh8 14. Qxd8 Rxd8 15. Ng5 Rf8 16. Nf7+ Rxf7 17. Rxf7 Bxe5 18. Rf8+ Kg7 19. Rg8+ Kf6 20. h4 1-0

[Event "Chateauroux op"]
[Site "Chateauroux"]
[Date "2005.11.13"]
[Round "6"]
[White "Spitz, Christophe"]
[Black "Rubino, William"]
[Result "0-1"]
[WhiteElo "2167"]
[BlackElo "2103"]
[PlyCount "150"]
[EventDate "2005.10.30"]
[EventType "swiss"]
[EventRounds "7"]
[EventCountry "FRA"]
[SourceTitle "EXT 2007"]
[Source "ChessBase"]
[SourceDate "2006.11.23"]
[SourceVersion "1"]
[SourceVersionDate "2006.11.23"]
[SourceQuality "1"]

1. e4 c5 2. Nf3 d6 3. d4 cxd4 4. Nxd4 Nf6 5. Nc3 a6 6. Bg5 e6 7. f4 b5 8. Bd3 Nbd7 9. Qf3 Bb7 10. 0-0-0 b4 11. Nce2 Nc5 12. Ng3 Be7 13. Rhe1 Qa5 14. Kb1 Na4 15. Bc4 0-0 16. Nh5 Nxe4 17. Rxe4 Bxe4 18. Qxe4 Bxg5 19. fxg5 Qxg5 20. Qf3 d5 21. Be2 Nc5 22. Ng3 Rfc8 23. Nb3 Nxb3 24. axb3 a5 25. Rd4 a4 26. Rxb4 Qd2 27. Rxa4 Qxc2+ 28. Ka2 Rxa4+ 29. bxa4 Qxa4+ 30. Qa3 Qxa3+ 31. Kxa3 f5 32. b4 f4 33. Nh5 e5 34. Bg4 Ra8+ 35. Kb3 Kf7 36. Bf3 Rd8 37. g3 g6 38. gxf4 e4 39. Be2 gxh5 40. Bxh5+ Kf6 41. Bg4 d4 42. b5 Rb8 43. Kc4 d3 44. Kd4 Rxb5 45. Kxe4 d2 46. Ke3 Rb3+ 47. Kxd2 Rb2+ 48. Ke3 Rxh2 49. Kf3 Ra2 50. Kg3 h6 51. Kh4 Ra4 52. Kg3 Ke7 53. Bf5 Ra1 54. Bg4 Kd6 55. Kh4 Rh1+ 56. Kg3 Kc5 57. Bf3 Rb1 58. Kg4 Kd4 59. Kh5 Rb6 60. Bd1 Ke4 61. Bc2+ Kxf4 62. Bg6 Rd6 63. Kxh6 Kg4 64. Kg7 Kg5 65. Bh7 Rd7+ 66. Kh8 Kh6 67. Bg8 Kg6 68. Be6 Rd8+ 69. Bg8 Rd4 70. Bh7+ Kf6 71. Bg8 Rd8 72. Kh7 Rd7+ 73. Kh8 Kg6 74. Be6 Rh7+ 75. Kg8 Re7 0-1

[Event "Chateauroux op"]
[Site "Chateauroux"]
[Date "2005.11.11"]
[Round "1"]
[White "Rubino, William"]
[Black "Charluteau, Mathieu"]
[Result "1-0"]
[WhiteElo "2103"]
[BlackElo "1690"]
[PlyCount "33"]
[EventDate "2005.10.30"]
[EventType "swiss"]
[EventRounds "7"]
[EventCountry "FRA"]
[SourceTitle "EXT 2007"]
[Source "ChessBase"]
[SourceDate "2006.11.23"]
[SourceVersion "1"]
[SourceVersionDate "2006.11.23"]
[SourceQuality "1"]

1. e4 e5 2. Nc3 Nf6 3. f4 Nc6 4. fxe5 Nxe5 5. d4 Ng6 6. e5 Ng8 7. Nf3 b6 8. Bc4 Bb7 9. 0-0 Be7 10. Bxf7+ Kxf7 11. Ng5+ Ke8 12. Nf7 Qc8 13. Qh5 Nh6 14. Nxh8 d6 15. Nxg6 hxg6 16. Qxg6+ Kd8 17. Bg5 1-0

[Event "St Chely d'Aubrac op 3rd"]
[Site "St Chely d'Aubrac"]
[Date "2003.07.18"]
[Round "8"]
[White "Rubino, William"]
[Black "Corke, Anya Sun"]
[Result "1/2-1/2"]
[WhiteElo "2127"]
[BlackElo "2002"]
[PlyCount "59"]
[EventDate "2003.07.13"]
[EventType "swiss"]
[EventRounds "9"]
[EventCountry "FRA"]
[SourceTitle "CBM 095 Extra"]
[Source "ChessBase"]
[SourceDate "2003.09.04"]
[SourceVersion "1"]
[SourceVersionDate "2003.09.04"]
[SourceQuality "1"]

1. e4 c5 2. Nf3 e6 3. d4 cxd4 4. Nxd4 a6 5. Nc3 Qc7 6. Be3 Nf6 7. a3 b5 8. Bd3 Nc6 9. 0-0 Ne5 10. Bf4 d6 11. Nf3 Ng6 12. Bg3 Nh5 13. Ne2 Bb7 14. Rc1 Nxg3 15. hxg3 Ne5 16. Nxe5 dxe5 17. c4 Qb6 18. b4 Rd8 19. c5 Qc7 20. Qc2 Be7 21. a4 Bc6 22. axb5 axb5 23. Nc3 Qb7 24. Ra1 Rd4 25. Rab1 0-0 26. Qe2 Rb8 27. Rb2 Qd7 28. Rd1 Rd8 29. Bc2 g6 30. Rbb1 1/2-1/2

[Event "Saint Quentin op 4th"]
[Site "Saint Quentin"]
[Date "2001.04.21"]
[Round "8.31"]
[White "Merly, Johann"]
[Black "Rubino, William"]
[Result "0-1"]
[WhiteElo "1730"]
[BlackElo "1960"]
[PlyCount "62"]
[EventDate "2001.04.15"]
[EventType "swiss"]
[EventRounds "9"]
[EventCountry "FRA"]
[SourceTitle "EXT 2002"]
[Source "ChessBase"]
[SourceDate "2001.11.25"]
[SourceVersion "1"]
[SourceVersionDate "2001.11.25"]
[SourceQuality "1"]

1. d4 Nf6 2. c4 g6 3. Nc3 d5 4. e3 Bg7 5. Nf3 0-0 6. h3 c5 7. Qb3 cxd4 8. Nxd4 e5 9. Nf3 dxc4 10. Bxc4 Nc6 11. 0-0 Na5 12. Qb4 Nxc4 13. Qxc4 Qe7 14. e4 h6 15. Be3 b6 16. Rfd1 Bb7 17. Rd2 Rac8 18. Qb5 Nxe4 19. Rd7 Nxc3 20. bxc3 Qe8 21. Qd3 e4 22. Qd1 Bc6 23. Rxa7 exf3 24. gxf3 Qe6 25. Kg2 Rfd8 26. Bd4 Bxd4 27. cxd4 Qd5 28. Rb1 Qg5+ 29. Kh2 Qf4+ 30. Kg1 Bxf3 31. Qf1 Rd5 0-1

[Event "Saint Quentin op 4th"]
[Site "Saint Quentin"]
[Date "2001.04.20"]
[Round "7.35"]
[White "Rubino, William"]
[Black "Rodriguez, Patrick"]
[Result "1-0"]
[WhiteElo "1960"]
[BlackElo "1650"]
[PlyCount "47"]
[EventDate "2001.04.15"]
[EventType "swiss"]
[EventRounds "9"]
[EventCountry "FRA"]
[SourceTitle "EXT 2002"]
[Source "ChessBase"]
[SourceDate "2001.11.25"]
[SourceVersion "1"]
[SourceVersionDate "2001.11.25"]
[SourceQuality "1"]

1. e4 e6 2. Qe2 b6 3. d4 Ne7 4. Nf3 d5 5. Nc3 Ba6 6. Qe3 Bxf1 7. Kxf1 dxe4 8. Qxe4 Nd5 9. Bg5 Be7 10. Bxe7 Kxe7 11. Re1 c6 12. Ne5 Qc7 13. Nxf7 Rc8 14. Qxe6+ Kf8 15. Nd6 Na6 16. Nxd5 cxd5 17. Qf5+ Kg8 18. Qxd5+ Kf8 19. Re3 g6 20. Rf3+ Kg7 21. Qe5+ Kg8 22. Qe6+ Kh8 23. Nf7+ Kg7 24. Qf6+ 1-0

[Event "Saint Quentin op 4th"]
[Site "Saint Quentin"]
[Date "2001.04.16"]
[Round "3.16"]
[White "Rubino, William"]
[Black "Daurelle, Herve"]
[Result "0-1"]
[WhiteElo "1960"]
[BlackElo "2193"]
[PlyCount "44"]
[EventDate "2001.04.15"]
[EventType "swiss"]
[EventRounds "9"]
[EventCountry "FRA"]
[SourceTitle "EXT 2002"]
[Source "ChessBase"]
[SourceDate "2001.11.25"]
[SourceVersion "1"]
[SourceVersionDate "2001.11.25"]
[SourceQuality "1"]

1. e4 e5 2. Nc3 Nc6 3. f4 exf4 4. Nf3 g5 5. h4 g4 6. Ng5 d6 7. Nxf7 Kxf7 8. Bc4+ Kg7 9. d4 Be7 10. Bxf4 Bxh4+ 11. g3 Bf6 12. Qd2 h5 13. 0-0-0 Nxd4 14. Qe3 Nf3 15. e5 Bg5 16. Ne4 Bxf4 17. Qxf4 Qf8 18. Qxf8+ Kxf8 19. exd6 cxd6 20. Rxd6 Bf5 21. Nc5 Re8 22. Rd5 Ne7 0-1